Zaisťovanie vecí v rámci domovej prehliadky

Bibliographic Details
Main Authors: Čentéš, Jozef, 1967- (Author), Kolcunová, Marta, 1964- (Author)
Format: Article
Language:Slovak

MARC

LEADER 00000nab a2200000uu 4500
001 vtls011458721
003 SK-MaSNL
005 20260303113420.0
008 230121|2014 xo |||||||||||||||||slo|
015 |a SNBRB 
035 |a (urnnbn)urn:nbn:sk:snk:ar-a0a62q 
035 |a (uuid)029c8b53-cc65-453e-8be5-df1e605e7acc 
035 |a urn:nbn:sk:snk-abct0o 
040 |a SNKBUCL  |b slo  |c SNKBUCL  |e AACR2 
041 0 |a slo 
044 |a xo  |c SK 
100 1 |a Čentéš, Jozef,  |d 1967-  |4 aut  |9 137125 
245 1 0 |a Zaisťovanie vecí v rámci domovej prehliadky  |c Jozef Čentéš, Marta Kolcunová 
700 1 |a Kolcunová, Marta,  |d 1964-  |4 aut  |9 50580 
773 0 |t Justičná revue : časopis pre právnu prax  |g Roč. 66, č. 11 (2014), s. 1393-1401 
958 |a OND 
958 |a EUIPO 
958 |a article16 
999 |c 1892459  |d 1894389